000
00221nam a22000857a 4500
008
160715b xxu||||| |||| 00| 0 eng d
100
_9
2900
_a
Edwards, I.E.S
245
_a
The Pyramids of Egypt
260
_a
Egypt
_b
Penguin
_c
1986
999
_c
2465
_d
2465